| 000 | 00475nam a2200169 u 4500 | ||
|---|---|---|---|
| 005 | 20210219163713.0 | ||
| 008 | 181109s2015 r 000 0 eng d | ||
| 035 | _aUPN01000227742 | ||
| 049 | _aCD | ||
| 050 | 4 | _a(POR ADQUIRIR) | |
| 110 | 2 | _aConsejo Nacional de Población (México) | |
| 245 | 1 | 3 | _aLa situación demográfica de México : 2015. |
| 260 |
_aMéxico : _bCONAPO, _c2015. |
||
| 300 |
_a1 CD-ROM ; _b4 3/4 plg. |
||
| 905 | _aElectrónico | ||
| 999 |
_c199837 _d199837 |
||